Loading...
| Science - Physics | 0 | 11 | 2 | 5 | 100 | 59 | 106.45 | 1 | 3 | 0.00 | 0.00 |
| Science - Other | 0 | 10 | 4 | 2 | 80 | 26 | 84.90 | 3 | 7 | 0.00 | 0.00 |
| Social Science | 0 | 6 | 1 | 2 | 55 | 99 | 119.67 | 0 | 0 | 0.00 | 0.00 |
| Science - Chemistry | 0 | 7 | 6 | 0 | 40 | 26 | 75.71 | 1 | 3 | 0.00 | 0.00 |
| Science - Biology | 0 | 2 | 0 | 0 | 20 | 43 | 47.50 | 1 | 2 | 0.00 | 0.00 |
| Philosophy | 0 | 2 | 0 | 0 | 20 | 90 | 102.00 | 0 | 0 | 0.00 | 0.00 |
| Any History | 0 | 1 | 0 | 0 | 10 | 111 | 111.00 | 0 | 0 | 0.00 | 0.00 |
| Painting & Sculpture | 0 | 1 | 0 | 0 | 10 | 55 | 55.00 | 0 | 1 | 0.00 | 0.00 |
| History - American | 0 | 1 | 0 | 0 | 10 | 103 | 103.00 | 0 | 0 | 0.00 | 0.00 |
| Fine Arts - Other | 0 | 0 | 0 | 0 | 0 | 0.00 | 0 | 0 | 0.00 | 0.00 |